[Event "Stay Safe Play From Home 220"]
[Site "T#646737Emanuel Laske"]
[Date "2020.06.12"]
[Round "4"]
[White "Ovsaik"]
[Black "Justwatch"]
[Result "0-1"]
[WhiteElo "1895"]
[BlackElo "1818"]
[Annotator "NA RC"]
[PlyCount "78"]
[EventDate "2020.06.12"]
[EventType "swiss (blitz)"]

1. e4 {[%emt 0:00:01]} Nf6 {[%emt 0:00:00]} 2. Nc3 {[%emt 0:00:02]} e5 {[%emt 0:00:01]} 3. g3 {[%emt 0:00:02]} d6 {[%emt 0:00:01]} 4. Bg2 {[%emt 0:00:01]} Nc6 {[%emt 0:00:00]} 5. Nge2 {[%emt 0:00:01]} Be6 {[%emt 0:00:01]} 6. O-O {[%emt 0:00:01]} Qd7 {[%emt 0:00:00]} 7. f4 {[%emt 0:00:02]} Bh3 {[%emt 0:00:00]} 8. d3 {[%emt 0:00:01]} Bxg2 {[%emt 0:00:01]} 9. Kxg2 {[%emt 0:00:00]} exf4 {[%emt 0:00:00]} 10. Nxf4 {[%emt 0:00:02]} Be7 {[%emt 0:00:01]} 11. Qe2 {[%emt 0:00:01]} Qg4 {[%emt 0:00:02]} 12. Be3 {[%emt 0:00:00]} Qxe2+ {[%emt 0:00:01]} 13. Ncxe2 {[%emt 0:00:00]} O-O-O {[%emt 0:00:01]} 14. c3 {[%emt 0:00:01]} Kb8 {[%emt 0:00:01]} 15. Rad1 {[%emt 0:00:01]} Ne5 {[%emt 0:00:01]} 16. d4 {[%emt 0:00:02]} Neg4 {[%emt 0:00:02]} 17. Bc1 {[%emt 0:00:00]} Nxe4 {[%emt 0:00:01]} 18. h3 {[%emt 0:00:02]} Ngf6 {[%emt 0:00:01]} 19. Rfe1 {[%emt 0:00:02]} d5 {[%emt 0:00:04]} 20. Ng1 {[%emt 0:00:01]} Bd6 {[%emt 0:00:01]} 21. Nf3 {[%emt 0:00:02]} Bxf4 {[%emt 0:00:02]} 22. Bxf4 {[%emt 0:00:00]} Nh5 {[%emt 0:00:02]} 23. Bc1 {[%emt 0:00:03]} Nhxg3 {[%emt 0:00:01]} 24. Ne5 {[%emt 0:00:01]} f6 {[%emt 0:00:01]} 25. Nf7 {[%emt 0:00:02]} a6 {[%emt 0:00:02]} 26. Nxh8 {[%emt 0:00:02]} Rxh8 {[%emt 0:00:00]} 27. Re3 {[%emt 0:00:01]} Nf5 {[%emt 0:00:03]} 28. Rf3 {[%emt 0:00:01]} Nh4+ {[%emt 0:00:01]} 29. Kh1 {[%emt 0:00:06]} Nxf3 {[%emt 0:00:00]} 30. Rf1 {[%emt 0:00:01]} Ng3+ {[%emt 0:00:01]} 31. Kg2 {[%emt 0:00:02]} Nxf1 {[%emt 0:00:00]} 32. Kxf1 {[%emt 0:00:00]} Nh4 {[%emt 0:00:01]} 33. Bf4 {[%emt 0:00:02]} Ng6 {[%emt 0:00:02]} 34. Bg3 {[%emt 0:00:02]} Re8 {[%emt 0:00:00]} 35. Kf2 {[%emt 0:00:01]} Re4 {[%emt 0:00:01]} 36. Kf3 {[%emt 0:00:03]} Kc8 {[%emt 0:00:00]} 37. h4 {[%emt 0:00:02]} c6 {[%emt 0:00:00]} 38. h5 {[%emt 0:00:01]} Nh4+ {[%emt 0:00:01]} 39. Kf2 {[%emt 0:00:03]} Nf5 {[%emt 0:00:01] Zeit (Lag: Av=1.11s, max=1.6s)} 0-1

[Event "Stay Safe Play From Home 220"]
[Site "T#646737Emanuel Laske"]
[Date "2020.06.12"]
[Round "4"]
[White "Haris kollari 13"]
[Black "Edmatuag"]
[Result "0-1"]
[WhiteElo "1778"]
[BlackElo "1735"]
[Annotator "NA RC"]
[PlyCount "62"]
[EventDate "2020.06.12"]
[EventType "swiss (blitz)"]

1. e4 {[%emt 0:00:02]} c6 {[%emt 0:00:00]} 2. f4 {[%emt 0:00:01]} d5 {[%emt 0:00:00]} 3. e5 {[%emt 0:00:00]} e6 {[%emt 0:00:01]} 4. d4 {[%emt 0:00:00]} c5 {[%emt 0:00:01]} 5. c3 {[%emt 0:00:00]} Nc6 {[%emt 0:00:01]} 6. Be3 {[%emt 0:00:01]} Qb6 {[%emt 0:00:01]} 7. b3 {[%emt 0:00:01]} Nh6 {[%emt 0:00:01]} 8. Bd3 {[%emt 0:00:05]} Nf5 {[%emt 0:00:02]} 9. Bf2 {[%emt 0:00:03]} cxd4 {[%emt 0:00:02]} 10. Bxf5 {[%emt 0:00:01]} exf5 {[%emt 0:00:02]} 11. cxd4 {[%emt 0:00:00]} Bb4+ {[%emt 0:00:02]} 12. Kf1 {[%emt 0:00:04]} Qa6+ {[%emt 0:00:04]} 13. Ne2 {[%emt 0:00:01]} b6 {[%emt 0:00:03]} 14. Nd2 {[%emt 0:00:03]} Qd3 {[%emt 0:00:03]} 15. Nf3 {[%emt 0:00:03]} Ba6 {[%emt 0:00:02]} 16. Qxd3 {[%emt 0:00:02]} Bxd3 {[%emt 0:00:00]} 17. Rd1 {[%emt 0:00:01]} Be4 {[%emt 0:00:03]} 18. Ng5 {[%emt 0:00:02]} h6 {[%emt 0:00:04]} 19. Nxe4 {[%emt 0:00:02]} fxe4 {[%emt 0:00:00]} 20. Ng3 {[%emt 0:00:02]} Rc8 {[%emt 0:00:01]} 21. Nf5 {[%emt 0:00:04]} O-O {[%emt 0:00:03]} 22. Ne3 {[%emt 0:00:02]} Rfe8 {[%emt 0:00:01]} 23. Nxd5 {[%emt 0:00:02]} Ba3 {[%emt 0:00:03]} 24. Ne3 {[%emt 0:00:02]} Red8 {[%emt 0:00:01]} 25. g3 {[%emt 0:00:01]} Nxd4 {[%emt 0:00:02]} 26. Kg2 {[%emt 0:00:03]} Nf3 {[%emt 0:00:01]} 27. Nc4 {[%emt 0:00:04]} Bf8 {[%emt 0:00:03]} 28. Rxd8 {[%emt 0:00:03]} Rxd8 {[%emt 0:00:01]} 29. Be3 {[%emt 0:00:01]} Rd3 {[%emt 0:00:01]} 30. Kf2 {[%emt 0:00:01]} Rc3 {[%emt 0:00:02]} 31. Rd1 {[%emt 0:00:01]} Rc2+ {[%emt 0:00:01] Time (Lag: Av=0.42s, max=0.7s)} 0-1

[Event "Stay Safe Play From Home 220"]
[Site "T#646737Emanuel Laske"]
[Date "2020.06.12"]
[Round "4"]
[White "Grizzzly"]
[Black "EL sanbary"]
[Result "0-1"]
[WhiteElo "1775"]
[BlackElo "1911"]
[Annotator "TA"]
[PlyCount "62"]
[EventDate "2020.06.12"]
[EventType "swiss (blitz)"]

{[%evp 9,62,-10,10,-3,3,0,23,11,106,68,257,257,325,298,397,363,572,445,445,353,609,229,852,166,170,95,186,160,163,-149,-150,-136,-147,-154,-151,-125,0,-146,1157,-1675,-1667,-2220,-2191,-29989,-29983,-29991,-29992,-29994,-29994,-29995,-29996,-29996,-29997,-29997,-2333]} 1. e4 c5 2. Nf3 g6 3. d3 Bg7 4. Be2 Nc6 5. c3 e5 6. O-O {B30: Sicilian: 2...Nc6 3 Bb5, lines without ...g6.} d6 7. Be3 Nge7 8. d4 {[#] White has an edge.} O-O $146 (8... exd4 $11 {remains equal.} 9. cxd4 d5 10. dxc5 O-O 11. exd5 Bxb2) ({Predecessor:} 8... exd4 9. cxd4 O-O 10. dxc5 dxc5 11. Nc3 Nd4 12. Rc1 Be6 13. Ng5 Bd7 14. f4 Qb6 {1-0 (35) Hall,J (1630)-Irons,B ICCF email 2018}) 9. d5 f5 $2 ({Black should play} 9... Nb8 $1 $14) 10. dxc6 $18 Nxc6 11. Bg5 Qb6 12. exf5 Qxb2 (12... Bxf5 $142 13. Qd2 (13. Qxd6 Rad8 $11) 13... Be6) 13. Qd5+ Kh8 14. Nbd2 Rxf5 $2 (14... Bxf5 15. Bd3 (15. Qxd6 e4 $18) 15... Qxc3 16. Bxf5 gxf5) 15. Ne4 $2 (15. Bc4 {[%csl Gc4][%cal Rd5g8]} Rf8 16. Ne4) 15... h6 $2 (15... Qxe2 16. Rfe1 (16. Nxd6 h6 $16) 16... Qa6) 16. Be3 $2 (16. Bc4 {[%csl Gc4][%cal Rd5g8]} Rf8 17. Rfb1) 16... Qxe2 17. Nxd6 (17. Nh4 $18) 17... Rf8 (17... Rf6 $16) 18. Nf7+ (18. Bxc5 $6 Rf6 $14) 18... Kh7 {...Ne7 is the strong threat.} 19. N3g5+ $2 ({Not} 19. N3xe5 Nxe5 20. Nxe5 Rf5 $17) ({Don't do} 19. Bxc5 $6 Bg4 $16) (19. Rae1 $18 Qb5 20. N3xe5 (20. N7xe5 Rf5 $11)) 19... hxg5 $17 20. Nxg5+ Kh8 21. Nf7+ {[#]} Rxf7 $1 22. Qxf7 {[#]} Bf5 (22... Qg4 $1 $17 {White must now prevent ...Qf5.} 23. Bxc5 Qe6) 23. Rae1 (23. Qxb7 $11 Rc8 24. Rad1) 23... Qxa2 $2 {[%mdl 8192]} (23... Qb5 $17 24. a4 Qa6 25. Bxc5 b6) 24. Bxc5 $4 {[%mdl 8192]} (24. Qxa2 $18 b6 25. Bg5) 24... Qxf7 $19 25. Bd6 Bd3 26. Bxe5 Bxf1 {Black mates.} 27. Kxf1 Nxe5 28. Rd1 Rf8 {[%csl Gf8][%cal Rf7f2]} 29. f3 {[#]} Nxf3 $1 30. gxf3 Qxf3+ {[%mdl 64] Double Attack} 31. Kg1 Qxd1+ {Accuracy: White = 25%, Black = 22%.} 0-1

[Event "Stay Safe Play From Home 220"]
[Site "T#646737Emanuel Laske"]
[Date "2020.06.12"]
[Round "5"]
[White "Lamborghini"]
[Black "Toosieslide"]
[Result "0-1"]
[WhiteElo "2281"]
[BlackElo "2254"]
[Annotator "TA"]
[PlyCount "102"]
[EventDate "2020.06.12"]
[EventType "swiss (blitz)"]

{[%evp 14,102,56,7,19,24,12,28,89,89,82,19,40,27,18,21,58,18,20,16,29,22,52,25,82,23,21,16,18,8,17,9,12,0,0,-10,-11,-473,-22,-39,-33,-29,-41,-99,-85,-91,61,-130,-29,-56,-67,-57,0,0,0,-29,-35,-64,-56,-84,-64,-91,-89,-558,-558,-642,-532,-794,-785,-1193,-1103,-1028,591,591,643,582,1628,1586,29961,11671,29986,5061,29982,29984,29991,29992,29992,29993,29994,29988,29999]} 1. e4 e5 2. Nf3 Nc6 3. Bc4 Nf6 4. d3 Be7 5. O-O O-O 6. Bb3 d5 7. exd5 Nxd5 8. h3 Be6 {C55: Two Knights: 4 d3, 4 d4 exd4 5 e5 and Max Lange Attack.} 9. Re1 Bf6 10. Nbd2 {[#]} g6 $146 (10... a5 $11 {keeps the balance.}) ({Predecessor:} 10... Nf4 11. Ba4 Nd4 12. Ne4 Ng6 13. Nxd4 exd4 14. Qh5 Be7 15. Bg5 Bd5 16. Bxe7 Nxe7 {1-0 (37) Bologan,V (2540)-Malaniuk,V (2615) Novgorod 1995}) 11. Ne4 $16 Bg7 12. Bg5 (12. Nc5 $16) 12... f6 $11 13. Bd2 Bf7 14. c3 Qd7 15. d4 exd4 16. cxd4 Rad8 17. Nc5 Qc8 18. Rc1 b6 (18... Nce7 $11) 19. Ne4 ({White should try} 19. Nd3 $16 Nce7 20. Bb4) 19... Nce7 20. Qc2 Qd7 21. Red1 Rfe8 22. a3 Rc8 23. Qb1 c6 24. Qa2 Nf5 $36 {[%mdl 2048] Black is more active.} 25. Be1 $2 {[%mdl 8192] [#]} (25. Nc3 $11 {and White stays safe.}) 25... Nc7 $2 (25... Rxe4 $19 26. Qb1 Nd6) 26. Bxf7+ Qxf7 27. Qxf7+ Kxf7 28. g4 (28. Nc3 $15) 28... Rxe4 $17 29. gxf5 gxf5 $2 (29... Nd5 $17 30. fxg6+ hxg6) 30. d5 $2 {[#]} (30. Rxc6 $14 {was forced to keep a grip.} Re6 31. Rdc1 Rxc6 32. Rxc6) 30... cxd5 (30... c5 $1 $17 {White must now prevent ...Bh6.} 31. b4 Bh6) 31. Rxd5 Nxd5 32. Rxc8 Rf4 (32... Nf4 $15) 33. Kg2 $11 Re4 34. Rd8 Nf4+ 35. Kf1 Nxh3 36. Rd7+ Kg6 37. Rxa7 Ng5 38. Bc3 $2 {[%mdl 8192]} (38. Nd2 $17 {is more resistant.} Rh4 39. Re7) 38... Nxf3 $19 39. Kg2 Ne5 40. f4 Rxf4 41. Bxe5 {[%mdl 4096] Endgame KRB-KRB} Rg4+ 42. Bg3 Rxg3+ $4 {[%mdl 8192]} (42... f4 $19 43. Rd7 Rxg3+ 44. Kf1 h5) 43. Kxg3 {KR-KB} f4+ 44. Kf3 Bh6 45. Rb7 Bg5 46. Rxb6 Kf5 47. Rb5+ (47. a4 $142 Ke5 48. a5 f5 49. a6 Kd4 50. Rb7 Bh4 51. a7 Kd3 52. a8=Q) 47... Kg6 48. a4 {[%cal Ba3a4,Ba4a5,Ba5a6][%mdl 32] White mates.} Kh5 49. a5 Kh4 50. a6 h5 51. Rxg5 Kh3 {[%mdl 32768] Accuracy: White = 52%, Black = 46%. . Sensor Board Error (Ke4/e5)?} 0-1

[Event "Stay Safe Play From Home 220"]
[Site "T#646737Emanuel Laske"]
[Date "2020.06.12"]
[Round "5"]
[White "Little champs"]
[Black "buzaglo"]
[Result "1-0"]
[WhiteElo "2219"]
[BlackElo "1923"]
[Annotator "TA"]
[PlyCount "47"]
[EventDate "2020.06.12"]
[EventType "swiss (blitz)"]

{[%evp 19,46,0,12,-9,0,-15,65,65,89,80,87,31,38,47,508,274,1017,181,258,253,359,334,29989,861,29988,-1518,29998,29999,29999]} 1. d4 e6 2. e3 d5 3. Nf3 Nf6 4. Be2 c5 5. O-O cxd4 6. c4 dxc4 7. exd4 Nc6 8. Bxc4 Bd6 9. Nc3 O-O 10. Bg5 Be7 11. Bb3 {E57: Nimzo-Indian: Rubinstein: Main Line: 7...Nc6 8 a3 dxc4 9 Bxc4 cxd4.} h6 12. Bh4 {[#]} Na5 $146 (12... b6 $11) ({Predecessor:} 12... b6 13. a3 Bb7 14. Qd3 Nd5 15. Nxd5 Bxh4 16. Nf4 Bf6 17. Bc2 Re8 18. Qh7+ Kf8 {1-0 (48) Panov,M (1925)-Kanakin,K (1922) Cheliabinsk 2011}) 13. Bc2 $14 {White is slightly better.} Bd7 14. Qd3 {Hoping for Bxf6.} ({Don't play} 14. Bxf6 Bxf6 15. Ne5 g6 $11) 14... g6 15. Qe3 (15. Ne5 $16 Be8 16. Rfe1) 15... Kg7 16. Ne5 $36 {[%mdl 2048] White fights for an advantage.} Bd6 $2 {[%mdl 8192]} (16... Nc6 $14) 17. Rad1 Qc7 $2 (17... Bc6 18. Qd3 Be8) 18. f4 $2 (18. Bxf6+ Kxf6 19. Ng4+ {[%mdl 64] Double Attack} Ke7 20. Nd5+ {[%mdl 64] Double Attack} Kd8 21. Nxc7 Kxc7 22. d5 exd5 23. Rxd5) 18... Nd5 (18... Nc4 $142 19. Bxf6+ Kxf6 20. Nxd7+ Qxd7 21. Ne4+ Kg7) 19. Qg3 $18 Bxe5 (19... Nxc3 {is a better defense.} 20. bxc3 Be8) 20. fxe5 {Threatens to win with Rxf7+!} ({Not} 20. dxe5 Nxc3 21. bxc3 (21. Qxc3 Qxc3 22. bxc3 Bb5 $14) 21... Kh7 $16) 20... Nxc3 $2 {[#]} (20... Bc6 $18 21. Bd3 Qd7 22. Nxd5 Qxd5 23. Bf6+ Kg8) 21. Bf6+ (21. Rxf7+ $142 $1 {[%mdl 512]} Rxf7 22. Qxg6+ Kf8 23. Qxh6+ Kg8 24. Bf6 Ne2+ {[%mdl 64] Discovered Attack} 25. Kh1 Ng3+ 26. hxg3) 21... Kg8 22. Bxg6 $4 {[%mdl 8192]} (22. bxc3 Be8 23. Qf4 Qxe5 24. dxe5 Kh7 25. Rd4 h5 26. Qg5 Kg8 27. Qh6 Rc8 28. Qh8#) 22... Rfc8 $4 {[%mdl 8192] [#]} (22... Ne2+ $19 23. Kh1 Nxg3+ 24. hxg3 fxg6) 23. Bh7+ $1 {[%mdl 512]} Kf8 (23... Kxh7 24. Qg7#) 24. Qg8# {Accuracy: White = 53%, Black = 19%.} 1-0

[Event "Stay Safe Play From Home 220"]
[Site "T#646737Emanuel Laske"]
[Date "2020.06.12"]
[Round "5"]
[White "Greblah"]
[Black "Mepe_Nika"]
[Result "0-1"]
[WhiteElo "1937"]
[BlackElo "2391"]
[Annotator "TA"]
[PlyCount "84"]
[EventDate "2020.06.12"]
[EventType "swiss (blitz)"]

{[%evp 12,84,25,14,46,29,92,75,93,52,68,58,73,69,102,79,95,78,104,96,183,67,67,72,74,14,41,20,55,54,73,45,31,31,61,37,69,64,54,-408,8,-424,20,-165,68,20,116,0,595,-416,45,-40,41,18,148,-181,-179,-164,-171,-814,-79,-72,-79,-72,0,-7,0,-86,-88,-128,-122,-102,-89,-77,-94]} 1. e4 g6 2. d4 Bg7 3. Nc3 d6 4. Be3 Nd7 5. f3 c6 6. Qd2 b5 7. Bd3 Nb6 {B06: Modern Defence.} 8. Nge2 {[#]} b4 $146 (8... Nf6 $11) ({Predecessor:} 8... Nf6 9. O-O O-O 10. Bh6 e5 11. dxe5 dxe5 12. Bxg7 Kxg7 13. Qe3 Qe7 14. a4 b4 15. Nd1 {1-0 (36) Zherebukh,Y (2572)-Gutman,L (2425) Dresden 2010}) 9. Nd1 $16 a5 {White is better.} 10. c4 bxc3 11. bxc3 Nf6 12. Bh6 O-O 13. h4 Bxh6 14. Qxh6 Kh8 {[#]} 15. h5 $1 {[%mdl 512]} Ng8 (15... g5 $16) (15... Nxh5 16. g4) 16. Qe3 (16. Qg5 $18 e5 {[#]} 17. hxg6 $1 {[%mdl 512]} fxg6 18. Qxg6) 16... e5 $1 $14 17. hxg6 (17. g4 {seems wilder.} Be6 18. g5 Bc4 19. dxe5 dxe5 20. Nb2) 17... fxg6 18. Ng3 (18. f4 $16) 18... Ra7 {[%cal Ba8a7,Ba7e7,Be7e5,Be5c5][%mdl 32]} (18... Rb8 {keeps more tension.} 19. Rc1 Be6 20. c4 Nd7 21. d5 Bf7) 19. Nf2 Re7 20. O-O Nf6 21. dxe5 Rxe5 22. c4 Rc5 23. Rfc1 Qe7 24. Rab1 Nbd7 25. Rb2 $2 {[%mdl 8192]} (25. Be2 $14 {keeps the upper hand.}) 25... Ne5 $2 ({Black should play} 25... Qe5 $19 26. Rb3 Qxg3) 26. Qe2 $2 {[%mdl 8192]} (26. Be2 $11) 26... Nxd3 $2 (26... Nh5 $19 27. Nxh5 Nxf3+ 28. gxf3 Qg5+ {[%mdl 64] Double Attack} 29. Ng3 Qxc1+ 30. Nf1 Rg5+ 31. Kh1 Rf4) 27. Qxd3 $2 (27. Nxd3 $11 {and White is okay.} Rg5 28. Nh1) 27... Ba6 $2 (27... Qe5 $19 28. Rd2 Qxg3 29. Qxd6 Qxd6 30. Rxd6 Ne8) 28. Rd2 Rd8 (28... Rxc4 $1 $11 29. Rxc4 d5 {[%mdl 64] Pin}) 29. Qe3 (29. Qd4 $16) 29... Qe5 $2 {[%mdl 8192]} (29... Rxc4 $11 {and Black stays safe.} 30. Rxc4 Bxc4) 30. Qh6 $4 {[%mdl 8192]} (30. Nd3 $18 {was the only winning move.} Qxg3 31. Nxc5 {[%mdl 64] Pin}) 30... Ng8 $2 (30... Qxg3 $19 31. Qe3 Rh5) 31. Qh3 (31. Qh4 $14 g5 32. Qh2) 31... Bc8 ({Better is} 31... Rxc4 $15 32. Rcd1 d5) 32. Qh2 Re8 (32... Be6 $11) 33. Ng4 $2 {[%mdl 8192]} (33. Nf1 $16) 33... Bxg4 $19 34. fxg4 d5 $36 {[%mdl 2048] Keeping White busy.} 35. exd5 $2 (35. Qh4) 35... cxd5 $2 (35... Qe3+ $19 {and Black stays clearly on top.} 36. Rf2 Qxc1+ {[%mdl 64] Double Attack} 37. Nf1 cxd5 38. cxd5 Rxd5) 36. Nf1 $17 Qxh2+ 37. Kxh2 Rd8 (37... Rxc4 $17 38. Rxc4 dxc4) 38. Rdd1 d4 39. Rd3 (39. Nd2 $11 {remains equal.}) 39... Nf6 {Black is better.} 40. Rcd1 Nxg4+ 41. Kg3 Ne5 42. Rxd4 Rxd4 {Accuracy: White = 34%, Black = 27%.} 0-1

[Event "Stay Safe Play From Home 220"]
[Site "T#646737Emanuel Laske"]
[Date "2020.06.12"]
[Round "5"]
[White "EL sanbary"]
[Black "Haxhi Baha"]
[Result "0-1"]
[WhiteElo "1922"]
[BlackElo "1960"]
[Annotator "TA"]
[PlyCount "100"]
[EventDate "2020.06.12"]
[EventType "swiss (blitz)"]

{[%evp 9,100,125,125,120,149,149,150,154,152,154,182,175,200,187,240,188,194,138,136,133,133,89,92,85,145,111,151,164,153,153,163,168,172,99,197,190,427,425,491,315,528,523,470,124,124,122,118,62,59,0,47,37,33,20,245,233,553,554,710,676,720,508,598,557,962,910,12833,589,566,569,1014,986,928,889,783,690,672,602,490,0,0,0,0,0,1255,1054,12838,0,12839,12839,12841,12842,12845]} 1. c4 e6 2. g3 d5 3. cxd5 {[#]} c6 $146 ({Predecessor:} 3... exd5 4. Bg2 Nf6 5. Nf3 Bd6 6. O-O O-O 7. d3 Re8 8. Qc2 h6 9. Nc3 Nc6 10. a3 Bg4 11. Nb5 Bf8 12. Bf4 Rc8 13. Rfe1 Bxf3 14. exf3 a6 {0-1 (44) Bryzgalin,K (2450)-Aleksandrov,A (2605) Sochi 2015}) 4. dxe6 Bxe6 5. Bg2 Nf6 6. Nf3 {A13: English Opening: 1...e6.} Nbd7 7. O-O Be7 8. Nc3 {White is clearly better.} O-O 9. d4 Rc8 10. e4 {Hoping for d5.} Bc4 11. Re1 Bb4 (11... Re8 $142 12. Bh3 Bf8) 12. h3 Re8 13. Bg5 (13. Nd2 $18 Be6 14. a3) 13... h6 $16 14. Bxf6 Nxf6 15. e5 Nd5 16. Qc2 Qa5 ({Black should try} 16... c5) 17. Rec1 Rcd8 18. a3 Bxc3 19. bxc3 Nb6 20. Nd2 Bd5 21. Bxd5 (21. Bf1 $18) 21... Nxd5 (21... Qxd5 $16 22. Rab1 Re7) 22. Ne4 $18 f5 $2 (22... Rf8 {might work better.} 23. Nd6 Qc7) 23. Nd6 {[%mdl 64] [#] Double Attack} Rf8 24. Nxf5 Nxc3 $2 (24... Qc7 {was necessary.} 25. Re1 b5) 25. Ne7+ ({Weaker is} 25. Qxc3 Qxc3 26. Nxh6+ (26. Rxc3 Rxf5 27. Rb1 Rf7 $16) 26... gxh6 $16) 25... Kf7 26. Qxc3 $2 (26. Ng6 $18 {and the rest is easy.}) 26... Qxc3 $16 27. Rxc3 Kxe7 $18 {[%mdl 4096] Endgame KRR-KRR} 28. Rd1 ({White should play} 28. Rb1 $16) 28... Ke6 $14 29. Rc5 (29. Kf1 $14) 29... Rd5 30. Rxd5 Kxd5 {KR-KR} 31. f4 g6 $2 (31... g5 $11) 32. Kf2 $18 b5 $2 (32... Rh8 {is a better chance.} 33. Re1 h5) 33. Ke3 Rc8 34. Rc1 a5 35. Rc5+ Ke6 36. Ke4 b4 37. axb4 axb4 {[#]} 38. g4 (38. Rxc6+ $142 $3 {[%mdl 512]} Rxc6 39. d5+ {[%mdl 64] Double Attack} Kd7 40. dxc6+ Kxc6 41. Kd4) 38... Kd7 39. f5 gxf5+ 40. gxf5 b3 41. Rc1 Rb8 42. Rb1 b2 {intending ...Rb3.} 43. f6 Ke6 44. h4 $2 (44. Kd3 $18 {Kc3 is the strong threat.} c5 45. dxc5) 44... h5 $11 45. Kf4 {Threatens to win with Kg5.} Rb3 $1 46. Kg5 Rb4 $2 {[%mdl 8192]} (46... Kf7 $11) 47. Kxh5 $18 Rxd4 48. Kg5 $2 (48. Rxb2 $18 Rf4 49. Kg5) 48... Re4 $2 {[%mdl 8192]} (48... Rd2 $11 49. h5 Rg2+ 50. Kf4 Rf2+ 51. Kg3 Re2) 49. Rxb2 Rxe5+ 50. Kg6 Re4 {[%mdl 32768] Accuracy: White = 60%, Black = 36%. . Loss on time!?} 0-1

[Event "Stay Safe Play From Home 220"]
[Site "T#646737Emanuel Laske"]
[Date "2020.06.12"]
[Round "5"]
[White "Ovsaik"]
[Black "Fischer_11"]
[Result "0-1"]
[WhiteElo "1874"]
[BlackElo "2018"]
[Annotator "NA"]
[PlyCount "78"]
[EventDate "2020.06.12"]
[EventType "swiss (blitz)"]

1. e4 {[%emt 0:00:02]} Nf6 {[%emt 0:00:01]} 2. Nc3 {[%emt 0:00:02]} d5 {[%emt 0:00:01]} 3. exd5 {[%emt 0:00:01]} Nxd5 {[%emt 0:00:00]} 4. d4 {[%emt 0:00:01]} Nxc3 {[%emt 0:00:01]} 5. bxc3 {[%emt 0:00:01]} g6 {[%emt 0:00:00]} 6. Nf3 {[%emt 0:00:01]} Bg7 {[%emt 0:00:00]} 7. Bd3 {[%emt 0:00:01]} O-O {[%emt 0:00:00]} 8. h3 {[%emt 0:00:01]} c5 {[%emt 0:00:00]} 9. Be3 {[%emt 0:00:03]} Qc7 {[%emt 0:00:01]} 10. O-O {[%emt 0:00:02]} Nc6 {[%emt 0:00:02]} 11. Qd2 {[%emt 0:00:02]} Rd8 {[%emt 0:00:02]} 12. Rfd1 {[%emt 0:00:02]} cxd4 {[%emt 0:00:01]} 13. cxd4 {[%emt 0:00:02]} Nxd4 {[%emt 0:00:01]} 14. Nxd4 {[%emt 0:00:00]} Bxd4 {[%emt 0:00:00]} 15. Bxd4 {[%emt 0:00:01]} Rxd4 {[%emt 0:00:00]} 16. Qe3 {[%emt 0:00:01]} e5 {[%emt 0:00:05]} 17. f4 {[%emt 0:00:02]} Rxf4 {[%emt 0:00:03]} 18. Rf1 {[%emt 0:00:02]} Rxf1+ {[%emt 0:00:02]} 19. Rxf1 {[%emt 0:00:00]} Be6 {[%emt 0:00:01]} 20. h4 {[%emt 0:00:04]} Rc8 {[%emt 0:00:02]} 21. h5 {[%emt 0:00:01]} Qc5 {[%emt 0:00:00]} 22. Qxc5 {[%emt 0:00:02]} Rxc5 {[%emt 0:00:00]} 23. hxg6 {[%emt 0:00:01]} hxg6 {[%emt 0:00:00]} 24. Rf3 {[%emt 0:00:02]} Bxa2 {[%emt 0:00:03]} 25. Be4 {[%emt 0:00:02]} Bd5 {[%emt 0:00:01]} 26. Bxd5 {[%emt 0:00:02]} Rxd5 {[%emt 0:00:00]} 27. Re3 {[%emt 0:00:01]} f5 {[%emt 0:00:02]} 28. Kf2 {[%emt 0:00:02]} Kf7 {[%emt 0:00:01]} 29. Kf3 {[%emt 0:00:02]} g5 {[%emt 0:00:01]} 30. Rb3 {[%emt 0:00:01]} b6 {[%emt 0:00:01]} 31. Ra3 {[%emt 0:00:00]} a5 {[%emt 0:00:01]} 32. Rb3 {[%emt 0:00:01]} b5 {[%emt 0:00:01]} 33. Ra3 {[%emt 0:00:01]} a4 {[%emt 0:00:01]} 34. Rc3 {[%emt 0:00:01]} e4+ {[%emt 0:00:01]} 35. Ke3 {[%emt 0:00:02]} Ke6 {[%emt 0:00:02]} 36. Rc6+ {[%emt 0:00:02]} Ke5 {[%emt 0:00:01]} 37. Rg6 {[%emt 0:00:01]} f4+ {[%emt 0:00:00]} 38. Ke2 {[%emt 0:00:01]} Kf5 {[%emt 0:00:00]} 39. Rb6 {[%emt 0:00:02]} Rc5 {[%emt 0:00:01] Zeit (Lag: Av=1.15s, max=1.7s)} 0-1